Himpunan kuliah hukum dagang II, dikuliahkan oleh R. Soekardono, 1963-1964, pada tingkat Sardjana II, Fakultas Hukum Guided Course, Universitas Indonesia. (Record no. 69186)

MARC details
000 -LEADER
fixed length control field 00731cam a22002291 4500
001 - CONTROL NUMBER
control field sa 66003945
003 - CONTROL NUMBER IDENTIFIER
control field DLC
005 - DATE AND TIME OF LATEST TRANSACTION
control field 20260227112239.0
008 - FIXED-LENGTH DATA ELEMENTS--GENERAL INFORMATION
fixed length control field 890730s1964 io 000 0 ind
010 ## - LIBRARY OF CONGRESS CONTROL NUMBER
LC control number sa 66003945
035 ## - SYSTEM CONTROL NUMBER
System control number (OCoLC)23562880
040 ## - CATALOGING SOURCE
Original cataloging agency DLC
Transcribing agency MiU
Modifying agency DLC
042 ## - AUTHENTICATION CODE
Authentication code premarc
050 00 - LIBRARY OF CONGRESS CALL NUMBER
Classification number LAW <Indonesia 7 Soek 1964>
100 0# - MAIN ENTRY--PERSONAL NAME
Personal name Soekardono,
Titles and words associated with a name R.
245 10 - TITLE STATEMENT
Title Himpunan kuliah hukum dagang II, dikuliahkan oleh R. Soekardono, 1963-1964, pada tingkat Sardjana II, Fakultas Hukum Guided Course, Universitas Indonesia.
260 ## - PUBLICATION, DISTRIBUTION, ETC.
Place of publication, distribution, etc. [Djakarta,
Date of publication, distribution, etc. 1964?]
300 ## - PHYSICAL DESCRIPTION
Extent 32, 23, [7], 31 p.
Other physical details illus.
Dimensions 33 cm.
500 ## - GENERAL NOTE
General note Cover title.
650 #0 - SUBJECT ADDED ENTRY--TOPICAL TERM
Topical term or geographic name entry element Commercial law
Geographic subdivision Indonesia.
740 0# - ADDED ENTRY--UNCONTROLLED RELATED/ANALYTICAL TITLE
Uncontrolled related/analytical title Hukum dagang II.

No items available.

Powered by Koha